Účtovanie dane z pridanej hodnoty a dane z príjmov vo vybranej účtovnej jednotke a jeho využitie v daňovej praxi diplomová práca
Guardado en:
| Autor principal: | |
|---|---|
| Autor Corporativo: | |
| Otros Autores: | |
| Formato: | Libro |
| Lenguaje: | eslovaco |
| Publicado: |
Bratislava
2014
|
| Etiquetas: |
Sin Etiquetas, Sea el primero en etiquetar este registro!
|
MARC
| LEADER | 00000nbm a2200000 4500 | ||
|---|---|---|---|
| 001 | 0187313 | ||
| 005 | 20170201085546.8 | ||
| 041 | 0 | |a slo | |
| 044 | |a SK | ||
| 245 | 1 | 0 | |a Účtovanie dane z pridanej hodnoty a dane z príjmov vo vybranej účtovnej jednotke a jeho využitie v daňovej praxi |b diplomová práca |c Mariana Dobrovodská ; školiteľ: Zuzana Staríčková |
| 264 | 1 | |a Bratislava |c 2014 | |
| 300 | |a 75 s. | ||
| 100 | 1 | |a Dobrovodská, Mariana | |
| 700 | 1 | |a Staríčková, Zuzana | |
| 710 | 2 | |a Národohospodárska fakulta EU. Katedra financií | |